[Event "Polanica Zdroj op-B 43rd"]
[Site "Polanica Zdroj"]
[Date "2007.08.20"]
[Round "4"]
[White "Grochocinska, Urszula"]
[Black "Domaradzka Zyla, Anna"]
[Result "0-1"]
[WhiteElo "1741"]
[BlackElo "2070"]
[PlyCount "60"]
[EventDate "2007.08.17"]
[EventType "swiss"]
[EventRounds "10"]
[EventCountry "POL"]
[SourceTitle "CBM 120 Extra"]
[Source "ChessBase"]
[SourceDate "2007.11.01"]
[SourceVersion "1"]
[SourceVersionDate "2007.11.01"]
[SourceQuality "1"]

1. e4 c5 2. Nc3 Nc6 3. Bb5 g6 4. Bxc6 dxc6 5. f4 Nf6 6. Nf3 Bg7 7. d3 b6 8. 0-0 0-0 9. Qe1 e6 10. Qh4 Nd7 11. Qxd8 Rxd8 12. Be3 Nf6 13. Ne5 Bb7 14. f5 exf5 15. Bg5 h6 16. Be3 Re8 17. Nc4 fxe4 18. Nd6 Re7 19. dxe4 Ba6 20. Rf3 Ng4 21. Kh1 Rd8 22. Bf4 Ne5 23. Bxe5 Bxe5 24. Rd1 Rxd6 25. Rxd6 Bxd6 26. Rf6 Be5 27. Rf3 Bxc3 28. Rxc3 Rxe4 29. h3 Kg7 30. Ra3 Bc4 0-1